000 01395cad a22002175a 4500
001 L155701
008 120403s2012 xxk f 000 0 eng d
035 _a(Sirsi) u155701
041 0 _aeng
110 2 _aConstructing Excellence in the Built Environment
_94925
245 0 0 _aHousing sector strategy workshop
_h[electronic resource]
260 _aLondon
_bConstructing Excellence in the Built Environment
_c2012
505 2 _aIntroduction -- Background -- Workshop -- Areas of Focus -- Method of Identification -- Frameworks -- Key Performance Indicators -- BIM(M) / COBie -- ECO and Green Deal -- Recommendations to the Board -- Services -- Options -- Thematic Working Group -- Align Back with the Housing Forum -- Outreach to Partners -- Appendices -- Attendees -- Agenda -- Srategy Matrix -- Clients -- New Build Refurbishment, Repairs & Maintenance, and Retrofit
520 _aA report of a workshop which was held to explore potential needs and strategies for providing or signposting a range of services to housing organisations.
590 _aKA NTK
651 4 _aUnited Kingdom
_y
690 _aConstruction management
_96230
690 _aResidential property
_96266
856 4 0 _uhttps://www.constructingexcellence.org.uk/pdf/CE%20Housing%20Sector%20Strategy%20Workshop%20February%202012.pdf
_zView this report free of charge at www.constructingexcellence.org.uk
942 _n0
999 _c113767
_d113767